000 00725nam a2200229Ia 4500
003 GCL
008 140319s9999 xx 000 0 ara d
040 _aGCL /
_cGCL
082 0 4 _a791.436531
_bف س
100 1 _aفتحى فرج
245 1 0 _aالسينما الجزائرية /
_cفتحى فرج
300 _a103 ص
490 _aجمعية نقاد السينما المصريين , 2
_v0
650 0 4 _aالجزائر
650 0 4 _aالافلام السينمائية
650 0 4 _aالسينما
650 0 4 _aالاخراج السينمائى
650 0 4 _aالانتاج السينمائى
650 0 4 _aالسينما - صناعة
650 0 4 _aالسينما - صناعة وتجارة
942 _2ddc
_cBK
999 _c40343
_d40343